Plain words; (Record no. 543506)

000 -LEADER
fixed length control field 00522cam a22001691 4500
082 ## - DEWEY DECIMAL CLASSIFICATION NUMBER
Classification number 428
Author Mark GOW
-- L-29 p-3.
100 1# - MAIN ENTRY--PERSONAL NAME
Personal name Gowers, Ernest,
9 (RLIN) 38886
245 10 - TITLE STATEMENT
Title Plain words;
Remainder of title a guide to the use of English
Statement of responsibility, etc. Sir Ernest Gowers
260 ## - PUBLICATION, DISTRIBUTION, ETC.
Place of publication, distribution, etc. London,
Name of publisher, distributor, etc. H.M. Stationery Off.,
Date of publication, distribution, etc. 1948.
300 ## - PHYSICAL DESCRIPTION
Extent v, 90 p.
Dimensions 22 cm.
526 ## - STUDY PROGRAM INFORMATION NOTE
Program name 0
Interest level 0
Reading level 0
Title point value 428_000000000000000_GOW
526 ## - STUDY PROGRAM INFORMATION NOTE
Program name 0
Interest level 0
Reading level 0
Title point value 428_000000000000000_GOW
650 #0 - SUBJECT ADDED ENTRY--TOPICAL TERM
Topical term or geographic name entry element English language
650 #0 - SUBJECT ADDED ENTRY--TOPICAL TERM
Topical term or geographic name entry element MCE
General subdivision Style.
9 (RLIN) 38887
650 #0 - SUBJECT ADDED ENTRY--TOPICAL TERM
Topical term or geographic name entry element Vocabulary.
9 (RLIN) 8305
942 ## - ADDED ENTRY ELEMENTS (KOHA)
Source of classification or shelving scheme
Koha item type Book
Holdings
Withdrawn status Lost status Source of classification or shelving scheme Damaged status Not for loan Permanent Location Current Location Date acquired Total Checkouts Full call number Barcode Date last seen Date last checked out Price effective from Koha item type
          Military College of Engineering (MCE) Military College of Engineering (MCE) 03/26/2014 1 428 GOW MCE-5378 05/07/2014 05/07/2014 03/26/2014 Book
          Military College of Engineering (MCE) Military College of Engineering (MCE) 03/27/2014   428 GOW MCE-5380 03/27/2014   03/27/2014 Book
© 2023 Central Library, National University of Sciences and Technology. All Rights Reserved.